Projekty zpracování informací na samočinných počítačích metodika

Salvato in:
Dettagli Bibliografici
Autore principale: Černý, Vladimír
Natura: Libro
Lingua:ceco
Pubblicazione: Praha Ústav skladového hospodářství 1970
Serie:Malá knižnice skladového hospodářství sv. 15
Tags: Aggiungi Tag
Nessun Tag, puoi essere il primo ad aggiungerne!!

MARC

LEADER 00000nam a2200000 4500
001 c122168
005 20150325105521.2
041 0 |a cze 
044 |a CZ 
245 1 0 |a Projekty zpracování informací na samočinných počítačích  |b metodika  |c Vladimír Černý 
264 1 |a Praha  |b Ústav skladového hospodářství  |c 1970 
300 |a 187 s. 
490 1 |a Malá knižnice skladového hospodářství  |v sv. 15 
830 0 |a Malá knižnice skladového hospodářství  |v sv. 15 
100 1 |a Černý, Vladimír